Find Capital Cities from Periodic Symbol - 1 - Statistics

General Stats
  • This quiz has been taken 40 times
  • The average score is 16 of 31
Answer Stats
Hint Answer % Correct
NICKEL - Symbol is? Ni
100%
Calcium - Symbol is? Ca
97%
Bromine - Symbol is? Br
94%
Cobalt - Symbol is? Co
94%
Lithium - Symbol is? Li
94%
Helium - Symbol is? He
91%
Protactinium - Symbol is? Pa
85%
Capital 1 Brasilia
71%
Capital 1 Helsinki
62%
Capital 2 Panama City
62%
Capital 1 Cairo
59%
Capital 4 Paris
59%
Capital 2 Canberra
53%
Capital 4 Lisbon
53%
Capital 5 Brussels
47%
Capital 2 Copenhagen
47%
Capital 2 Bratislava
44%
Capital 3 Lima
44%
Capital 4 Caracas
41%
Capital 3 Cape Town
38%
Capital 2 Nicosia
38%
Capital 1 Niamey
29%
Capital 4 Bridgetown
26%
Capital 3 Brazzaville
24%
Capital 5 Castries
24%
Capital 1 Conakry
21%
Capital 1 Palikir
21%
Capital 3 Paramaribo
21%
Capital 2 Lilongwe
18%
Capital 3 Cotonou
12%
Capital 1 Libreville
9%
No matching quizzes found
Score Distribution
Percent of People with Each Score
Percentile by Number Answered
Your Score History
You have not taken this quiz